Search the Library Catalogue
| 000 -LEADER | |
|---|---|
| fixed length control field | 00600nam a2200217Ia 4500 |
| 008 - FIXED-LENGTH DATA ELEMENTS--GENERAL INFORMATION | |
| fixed length control field | 191130s1977##################000#0#eng## |
| 020 ## - INTERNATIONAL STANDARD BOOK NUMBER | |
| ISBN | 9780714818030 |
| 082 ## - DEWEY DECIMAL CLASSIFICATION NUMBER | |
| Classification number | 759.9494 KLE |
| 100 ## - MAIN ENTRY--AUTHOR NAME | |
| Personal name | Klee, Paul |
| 245 ## - TITLE STATEMENT | |
| Title | Klee |
| Statement of responsibility, etc | [text by] Douglas Hall |
| 260 ## - PUBLICATION, DISTRIBUTION, ETC. (IMPRINT) | |
| Place of publication | Oxford |
| Name of publisher | Phaidon |
| Year of publication | 1977 |
| 300 ## - PHYSICAL DESCRIPTION | |
| Number of Pages | 16 p., [48] p. of plates : col. ill. ; 31 cm |
| 500 ## - GENERAL NOTE | |
| General note | Bibliography: p. 16 |
| 650 ## - SUBJECT ADDED ENTRY--TOPICAL TERM | |
| Topical Term | Klee, Paul, 1879-1940 - Catalogs |
| 700 ## - ADDED ENTRY--PERSONAL NAME | |
| Personal name | Hall, Douglas |
| 991 ## - | |
| -- | 428560 |
| Withdrawn status | Lost status | Damaged status | Not for loan | Home library | Current library | Shelving location | Date acquired | Full call number | Accession Number | Price effective from | Koha item type |
|---|---|---|---|---|---|---|---|---|---|---|---|
| Anna Centenary Library | Anna Centenary Library | 6TH FLOOR, B WING | 13.10.2020 | 759.9494 KLE | 284125 | 13.10.2020 | English Books |